METODOS CUANTITATIVOS EN PSICOLOGIA : (Registro nro. 7517)
[ vista simple ]
| 000 -LEADER | |
|---|---|
| fixed length control field | 00487nam a2200169 a 4500 |
| 001 - CONTROL NUMBER | |
| control field | 7517 |
| 005 - DATE AND TIME OF LATEST TRANSACTION | |
| control field | 20180713191419.0 |
| 008 - FIXED-LENGTH DATA ELEMENTS--GENERAL INFORMATION | |
| fixed length control field | 140415s1992 000 0 spa d |
| 041 ## - LANGUAGE CODE | |
| Language code of text/sound track or separate title | spa |
| 082 ## - DEWEY DECIMAL CLASSIFICATION NUMBER | |
| Classification number | 152.8 |
| Item number | SIL |
| 100 1# - MAIN ENTRY--PERSONAL NAME | |
| Personal name | SLIVA RODRIGUEZ, ARTURO |
| 245 10 - TITLE STATEMENT | |
| Title | METODOS CUANTITATIVOS EN PSICOLOGIA : |
| Remainder of title | UN ENFOQUE METODOLOGICO |
| 260 ## - PUBLICATION, DISTRIBUTION, ETC. | |
| Place of publication, distribution, etc. | [s.l.] : |
| Name of publisher, distributor, etc. | TRILLAS, |
| Date of publication, distribution, etc. | 1992 |
| 300 ## - PHYSICAL DESCRIPTION | |
| Extent | 976 |
| 650 14 - SUBJECT ADDED ENTRY--TOPICAL TERM | |
| Topical term or geographic name entry element | PSICOLOGIA |
| General subdivision | METODOLOGIA |
| 700 1# - ADDED ENTRY--PERSONAL NAME | |
| Personal name | RIBES IÑESTA, EMILIO |
| Relator term | pról. |
| Withdrawn status | Lost status | Source of classification or shelving scheme | Damaged status | Not for loan | Collection code | Home library | Current library | Shelving location | Date acquired | Source of acquisition | Inventory number | Total Checkouts | Full call number | Barcode | Date last seen | Price effective from | Koha item type |
|---|---|---|---|---|---|---|---|---|---|---|---|---|---|---|---|---|---|
| Dewey Decimal Classification | General | Biblioteca Karol Wojtyla | Biblioteca Karol Wojtyla | Sala general | 03/12/2013 | Compra | 151000000000000000061574 | 152.8 SIL | 20514 | 05/01/2026 | 03/12/2013 | Libro |